[Event "AUTO-MASTER-1576"]
[Site "http://www.queenalice.com/game.php?id=1023735"]
[Date "2012.2.1"]
[Round "1"]
[White "Fabricov"]
[Black "pony"]
[Result "1-0"]
[WhiteElo "1954"]
[BlackElo "2227"]

1. e4 d5 2. exd5 Qxd5 3. Nc3 Qd6 4. Nf3 Nf6 5. d4 a6 6. Bc4 e6 7. O-O b5 8. Bb3
Bb7 9. g3 Nbd7 10. Bf4 Qb6 11. d5 O-O-O 12. Ng5 Bb4 13. Nxf7 Bxc3 14. bxc3 exd5
15. Nxh8 Rxh8 16. a4 Qc6 17. Qd4 Ne4 18. Rfe1 Ndf6 19. Re3 Rd8 20. axb5 axb5 21.
f3 Nd6 22. Ree1 h6 23. Re6 Qd7 24. Rae1 Nde4 25. Qe5 Ng5 26. Bxg5 hxg5 27. Re7
Qc6 28. Rxg7 Re8 29. Qf5+ Kb8 30. Rxe8+ Nxe8 31. Rg8 Ka7 32. Qe5 Nd6 33. Qd4+
1-0

[Event "AUTO-MASTER-1576"]
[Site "http://www.queenalice.com/game.php?id=1023759"]
[Date "2012.2.1"]
[Round "1"]
[White "Rafale2000"]
[Black "Fabricov"]
[Result "0-1"]
[WhiteElo "1995"]
[BlackElo "1934"]

1. Nf3 d5 2. b3 c5 3. Bb2 Nc6 4. e3 Nf6 5. c4 d4 6. exd4 cxd4 7. Bd3 e5 8. O-O
Bd6 9. Re1 O-O 10. a3 Re8 11. b4 e4 12. b5 Na5 13. Bxe4 Rxe4 14. Rxe4 Nxe4 15.
Nxd4 Bc5 16. d3 Bxd4 17. Bxd4 Qxd4 18. Nd2 Qxf2+ 19. Kh1 Nxd2 20. Ra2 Nab3 0-1

[Event "Challenge"]
[Site "http://www.queenalice.com/game.php?id=1032232"]
[Date "2012.2.22"]
[Round "-"]
[White "Scaracioli"]
[Black "Fabricov"]
[Result "1-0"]
[WhiteElo "1680"]
[BlackElo "1952"]

1. e4 c5 2. Nc3 d6 3. Nf3 Nf6 4. Bd3 Nc6 5. a3 e5 6. Ne2 Bg4 7. Nc3 Be7 8. h3
Be6 9. Bb5 O-O 10. Bd3 c4 11. Be2 d5 12. d3 d4 13. Nb1 Qa5+ 14. Bd2 Qb6 15. b3
cxb3 16. cxb3 Bxb3 17. Qc1 Be6 18. Bd1 Rfc8 19. Bc2 Rc7 20. Bg5 Na5 21. Nbd2
Rac8 22. Nc4 Nxc4 23. O-O Nxa3 24. Ne1 Nxc2 25. Nxc2 Rxc2 26. Qd1 h6 27. Bd2 Qb5
28. Qe2 Rb2 29. Rfc1 1-0

[Event "Challenge"]
[Site "http://www.queenalice.com/game.php?id=1049312"]
[Date "2012.4.16"]
[Round "-"]
[White "Fabricov"]
[Black "Scaracioli"]
[Result "1-0"]
[WhiteElo "2022"]
[BlackElo "1654"]

1. e4 e5 2. Nf3 d6 3. d4 Bg4 4. dxe5 dxe5 5. Qxd8+ Kxd8 6. Nxe5 Be6 7. Nc3 Bb4
8. Bf4 Nh6 9. O-O-O+ Bd6 10. Nc4 Bxc4 11. Bxh6 gxh6 12. e5 Bxf1 13. Rhxf1 Nc6
14. exd6 cxd6 15. Rxd6+ Kc7 16. Rfd1 Rad8 17. Rxh6 Rxd1+ 18. Kxd1 a5 19. Nd5+
Kb8 20. Ke2 Ka7 21. f4 Nd4+ 22. Kd3 Nf5 23. Rf6 Nh4 24. Ne3 Rd8+ 25. Ke2 Rd7 26.
f5 Re7 27. Kf2 b6 28. g3 Nxf5 29. Nxf5 Rd7 30. Ke3 Ka6 31. Rh6 Rd5 32. Nd4 Re5+
33. Kd3 Rd5 34. Rxh7 f6 35. c4 Rd6 36. h4 f5 37. h5 b5 38. cxb5+ Kb6 39. h6 Kc5
40. Rc7+ Kd5 41. h7 Rd8 42. Rd7+ Rxd7 43. h8=Q Kc5 44. Qc8+ Kd6 45. Nxf5+ Ke6+
46. Ke4 a4 47. Qe8+ 1-0

[Event "Challenge"]
[Site "http://www.queenalice.com/game.php?id=1049367"]
[Date "2012.4.16"]
[Round "-"]
[White "Fabricov"]
[Black "Scaracioli"]
[Result "1-0"]
[WhiteElo "1981"]
[BlackElo "1652"]

1. c4 d5 2. cxd5 Qxd5 3. Nc3 Qd8 4. Nf3 Nf6 5. e4 Bg4 6. d4 Nbd7 7. e5 Ng8 8. h3
Bxf3 9. Qxf3 c6 10. Bg5 f6 11. e6 fxg5 12. Qf7# 1-0

[Event "AUTO-MASTER-1632"]
[Site "http://www.queenalice.com/game.php?id=1050455"]
[Date "2012.4.19"]
[Round "1"]
[White "Fabricov"]
[Black "roberval"]
[Result "1-0"]
[WhiteElo "2069"]
[BlackElo "2223"]

1. e4 c5 2. Nf3 Nc6 3. Nc3 Nf6 4. d4 cxd4 5. Nxd4 e5 6. Ndb5 d6 7. Nd5 Nxd5 8.
exd5 Ne7 9. c4 Nf5 10. Bd3 Be7 11. O-O O-O 12. Re1 a6 13. Nc3 Qc7 14. Bd2 Bd7
15. a4 Nd4 16. a5 f5 17. Na4 Rae8 18. Nb6 f4 19. Bc3 f3 20. Bxd4 exd4 21. Qc2 g6
22. Bxg6 hxg6 23. Qxg6+ Kh8 24. Nxd7 Qxd7 25. Re6 Bg5 26. Qh5+ Qh7 27. Qxg5 Rxe6
28. dxe6 fxg2 29. e7 Re8 30. Re1 d3 31. Re3 1-0

[Event "AUTO-MASTER-1632"]
[Site "http://www.queenalice.com/game.php?id=1050456"]
[Date "2012.4.19"]
[Round "1"]
[White "roberval"]
[Black "Fabricov"]
[Result "1/2-1/2"]
[WhiteElo "2221"]
[BlackElo "2063"]

1. e4 c5 2. Nc3 d6 3. Bb5+ Bd7 4. Bxd7+ Nxd7 5. f4 g6 6. Nf3 Ngf6 7. d3 Bg7 8.
O-O O-O 9. Qe1 e6 10. Kh1 Qb6 11. Qh4 Rfe8 12. f5 exf5 13. exf5 d5 14. fxg6 fxg6
15. Rb1 d4 16. Ne4 Nxe4 17. dxe4 Qc6 18. Ng5 h6 19. Nf7 Rxe4 20. Nxh6+ Bxh6 21.
Qxh6 Re2 22. Qh3 Rf8 23. Bh6 Rxf1+ 24. Rxf1 Qe4 25. Bg7 Kxg7 26. Qxd7+ Kh6 27.
Rg1 Rxc2 28. Qh3+ Kg5 1/2-1/2

[Event "AUTO-MASTER-1632"]
[Site "http://www.queenalice.com/game.php?id=1050457"]
[Date "2012.4.19"]
[Round "1"]
[White "Fabricov"]
[Black "MarceloPadre"]
[Result "1-0"]
[WhiteElo "2004"]
[BlackElo "2062"]

1. e4 c6 2. d4 d5 3. e5 Bf5 4. Nc3 e6 5. Bd3 Ne7 6. Nf3 Bxd3 7. Qxd3 Nd7 8. Bg5
a6 9. O-O Qc7 10. Rfe1 c5 11. dxc5 Nc6 12. Nxd5 exd5 13. e6 fxe6 14. Rxe6+ Be7
15. Bxe7 Nxe7 16. Rae1 O-O-O 17. Rxe7 Qxc5 18. Ng5 Rhf8 19. Nf7 Nb6 20. Qxh7 Rd7
21. Qxg7 1-0

[Event "AUTO-MASTER-1632"]
[Site "http://www.queenalice.com/game.php?id=1050458"]
[Date "2012.4.19"]
[Round "1"]
[White "MarceloPadre"]
[Black "Fabricov"]
[Result "0-1"]
[WhiteElo "2082"]
[BlackElo "1984"]

1. d4 Nf6 2. c4 g6 3. Nc3 Bg7 4. e4 d6 5. f3 Nc6 6. Be3 O-O 7. Nge2 Bd7 8. Qd2
a6 9. O-O-O b5 10. g4 e5 11. d5 Na5 12. Ng3 b4 13. Nb1 Ba4 14. Re1 Rb8 15. h4
Bb3 16. c5 Bxa2 17. Qd3 Nb3+ 18. Kd1 Nd7 19. c6 Ndc5 20. Qc2 Nd4 21. Bxd4 Bb3
0-1

[Event "AUTO-MASTER-1632"]
[Site "http://www.queenalice.com/game.php?id=1050459"]
[Date "2012.4.19"]
[Round "1"]
[White "Fabricov"]
[Black "fercous"]
[Result "1-0"]
[WhiteElo "2044"]
[BlackElo "2115"]

1. e4 d6 2. d4 Nf6 3. Nc3 g6 4. Nf3 Bg7 5. Be2 c5 6. dxc5 dxc5 7. Qxd8+ Kxd8 8.
Be3 Nbd7 9. Rd1 b6 10. Ng5 Ke8 11. e5 Nxe5 12. Nb5 Kf8 13. Nc7 e6 14. Nxa8 Bb7
15. Nc7 Bxg2 16. Rg1 Bc6 17. f4 Ned7 18. Bc4 Ke7 19. Ke2 h6 20. Nxf7 Kxf7 21.
Nxe6 b5 22. Nd8+ Ke8 23. Nxc6 bxc4 24. Rxg6 Kf7 25. Rg2 Re8 26. Kf3 Bf8 27. Rgd2
Nb6 28. Rd8 Rxd8 29. Nxd8+ Ke8 30. Ne6 Nfd7 31. Nxf8 Kxf8 32. Rd6 Kg7 33. a4 Kf7
34. a5 1-0

[Event "AUTO-MASTER-1632"]
[Site "http://www.queenalice.com/game.php?id=1050460"]
[Date "2012.4.19"]
[Round "1"]
[White "fercous"]
[Black "Fabricov"]
[Result "0-1"]
[WhiteElo "2120"]
[BlackElo "2024"]

1. c4 e5 2. g3 Nc6 3. Bg2 Nf6 4. Nc3 Bc5 5. e3 d6 6. Nge2 Bg4 7. h3 Bd7 8. d4
Bb6 9. O-O h5 10. a3 h4 11. g4 O-O 12. b4 a6 13. Bb2 exd4 14. exd4 Re8 15. c5
Ba7 16. Qc2 dxc5 17. bxc5 Nxg4 18. hxg4 Bxg4 19. Rad1 h3 20. Bh1 Qf6 21. Nd5 h2+
22. Kxh2 Qh4+ 23. Kg1 Rxe2 24. Qc1 Re6 25. Bg2 Bxd1 26. Rxd1 Re2 27. Rf1 Nxd4
28. Qc3 Bxc5 29. Qxc5 Rxb2 30. Nc3 Rc2 0-1

[Event "AUTO-MASTER-1683"]
[Site "http://www.queenalice.com/game.php?id=1076955"]
[Date "2012.6.27"]
[Round "1"]
[White "denisan"]
[Black "Fabricov"]
[Result "1-0"]
[WhiteElo "2249"]
[BlackElo "2092"]

1. e4 c5 2. Nf3 d6 3. d4 cxd4 4. Nxd4 Nf6 5. Nc3 a6 6. h3 g6 7. Be3 Bg7 8. Be2
Nc6 9. Nxc6 bxc6 10. O-O O-O 11. Qd2 Rb8 12. Rab1 d5 13. e5 Ne4 14. Nxe4 dxe4
15. Qc3 Qc7 16. Bf4 Be6 17. b3 Rfd8 18. Rbd1 Qb6 19. Rxd8+ Rxd8 20. Rd1 Rd5 21.
a4 a5 22. Rxd5 cxd5 23. Bd2 Qb8 24. Qxa5 Bxe5 25. Qb5 Qc8 26. c4 Qd8 27. Bh6 Bg7
28. Bxg7 Kxg7 29. cxd5 Bxd5 30. b4 e6 31. Qc5 Qf6 32. a5 Qa1+ 33. Bf1 Bb7 34.
Qb5 Bd5 35. a6 1-0

[Event "AUTO-MASTER-1683"]
[Site "http://www.queenalice.com/game.php?id=1076956"]
[Date "2012.6.27"]
[Round "1"]
[White "Fabricov"]
[Black "denisan"]
[Result "0-1"]
[WhiteElo "2102"]
[BlackElo "2241"]

1. e4 c5 2. Nf3 Nc6 3. d4 cxd4 4. Nxd4 Nf6 5. Nc3 e6 6. Ndb5 d6 7. Be2 Be7 8.
O-O a6 9. Nd4 Bd7 10. Be3 O-O 11. f4 Qc7 12. Qd2 Na5 13. Nb3 Nc4 14. Bxc4 Qxc4
15. Qd4 Qc7 16. Qb6 Qxb6 17. Bxb6 Rfc8 18. Rae1 Rc6 19. Bd4 a5 20. e5 Ne8 21.
Be3 a4 22. Nd4 Rcc8 23. Ne4 d5 24. Ng3 a3 25. b3 Nc7 26. Rc1 Na6 27. c3 Nc5 28.
Rfd1 b5 29. f5 h6 30. Nde2 exf5 31. b4 Na4 32. Rxd5 Rc7 33. Nd4 Nxc3 34. Rxc3
Rxc3 35. Rxd7 Rxe3 0-1

[Event "AUTO-MASTER-1683"]
[Site "http://www.queenalice.com/game.php?id=1076971"]
[Date "2012.6.27"]
[Round "1"]
[White "Timbira"]
[Black "Fabricov"]
[Result "1-0"]
[WhiteElo "2118"]
[BlackElo "2067"]

1. e4 c5 2. Nf3 d6 3. Bb5+ Bd7 4. Bxd7+ Nxd7 5. d4 cxd4 6. Nxd4 Ngf6 7. Nc3 g6
8. O-O Bg7 9. Kh1 Qb6 10. Nb3 Qa6 11. f4 O-O 12. Be3 Rac8 13. Bd4 Nb6 14. f5 Na4
15. fxg6 fxg6 16. Nxa4 Qxa4 17. e5 dxe5 18. Bxe5 Qe4 19. Re1 Qxc2 20. Qxc2 Rxc2
21. Nd4 Rd2 22. Ne6 Rc8 23. Nxg7 Kxg7 24. Bc3 Rd7 25. Re2 Kf7 26. Bxf6 1-0

[Event "AUTO-MASTER-1683"]
[Site "http://www.queenalice.com/game.php?id=1076972"]
[Date "2012.6.27"]
[Round "1"]
[White "Fabricov"]
[Black "Timbira"]
[Result "0-1"]
[WhiteElo "2082"]
[BlackElo "2107"]

1. c4 e5 2. Nc3 Nf6 3. e4 Nc6 4. Nf3 Bc5 5. Nxe5 Bxf2+ 6. Kxf2 Nxe5 7. d4 Ng6 8.
e5 Ng8 9. h4 d6 10. h5 N6e7 11. Be2 c6 12. exd6 Qxd6 13. Ne4 Qe6 14. Bf3 Nf6 15.
Re1 Nxe4+ 16. Rxe4 Qf6 17. Bf4 Bf5 18. Re5 O-O 19. Qd2 h6 20. g4 Bxg4 21. Bxg4
Qh4+ 22. Bg3 Qxg4 23. Rxe7 f5 24. Qf4 Qxh5 0-1

[Event "AUTO-MASTER-1683"]
[Site "http://www.queenalice.com/game.php?id=1076981"]
[Date "2012.6.27"]
[Round "1"]
[White "Nunes"]
[Black "Fabricov"]
[Result "0-1"]
[WhiteElo "1698"]
[BlackElo "2093"]

1. d4 Nf6 2. c4 g6 3. Nf3 Bg7 4. Nc3 O-O 5. e4 d6 6. Be2 c5 7. O-O cxd4 8. Nxd4
Nc6 9. Be3 Bd7 10. f4 Rc8 11. Qd2 Ng4 0-1

[Event "AUTO-MASTER-1683"]
[Site "http://www.queenalice.com/game.php?id=1076982"]
[Date "2012.6.27"]
[Round "1"]
[White "Fabricov"]
[Black "Nunes"]
[Result "1-0"]
[WhiteElo "2091"]
[BlackElo "1700"]

1. e4 c6 2. d4 d5 3. e5 Bf5 4. Nf3 e6 5. Be2 Nd7 6. O-O Be7 7. Nc3 Qc7 8. Be3
O-O-O 9. a4 f6 10. a5 a6 11. Nh4 Nxe5 12. Nxf5 1-0

[Event "Challenge"]
[Site "http://www.queenalice.com/game.php?id=1077006"]
[Date "2012.6.27"]
[Round "-"]
[White "favazza2007"]
[Black "Fabricov"]
[Result "0-1"]
[WhiteElo "1859"]
[BlackElo "2095"]

1. d4 Nf6 2. c4 g6 3. Nc3 Bg7 4. e4 d6 5. Nf3 O-O 6. Be3 Ng4 7. Be2 Nxe3 8. fxe3
Nc6 9. O-O Bd7 10. a3 e5 11. d5 Ne7 12. b4 Bh6 13. Qd2 f5 14. Qc2 a5 15. Qd2
fxe4 16. Nxe4 Nf5 17. Neg5 e4 18. Nxe4 Bxe3+ 19. Kh1 Bxd2 20. Nfxd2 Ne3 21.
Rxf8+ Qxf8 22. Bf3 axb4 23. Nb3 bxa3 24. Kg1 Nxc4 25. Ng5 Qf4 26. Ne6 Bxe6 27.
dxe6 Qe3+ 28. Kh1 Qxb3 29. Bd5 a2 30. e7+ Kg7 31. h3 Qb1+ 32. Rxb1 axb1=Q+ 33.
Kh2 Qb5 0-1